000 00611nam a2200193 i 4500
001 84383
003 ES-MaACL
005 20250801094007.0
007 t|
008 041122s1935 xxk ||||1| eng d
100 1 _aJameson, R. D.
_965983
245 1 2 _aA comparison of literatures /
_cby R.D. Jameson.
260 _aLondon :
_bKegan Paul, French Trubner & Co.,
_c1935 (
_fButler and Tanner)
300 _aXV, 413 p. ;
_c22 cm.
650 0 7 _aLiteratura comparada
_2embne
_914528
650 0 4 _aLiteratura europea-
_xHistoria y crítica
_914577
852 _aES-MaACL
_jA-3427
999 _c84383
_d84383